000 00264nam a2200109Ia 4500
082 _a916,8 RISS
245 0 _aRissik,Dee.
100 _aCultureshock! South africa
_916697
942 _cBK
020 _a9780761454168"
008 210816s9999 xx 000 0 und d
999 _c81058
_d81057